| Tag |
First Indicator |
Second Indicator |
Subfields |
| LEADER |
00000cam a2200000 i 4500 |
| 001 |
in00000484608 |
| 005 |
20151013054931.0 |
| 008 |
720825s1971 ur 00000 rusrd |
| 035 |
|
|
|a (OCoLC)00391391
|
| 035 |
|
|
|9 ACC4035AM
|
| 040 |
|
|
|c CSU
|d TXA
|d UtOrBLW
|
| 049 |
|
|
|a TXAM
|c [859192]
|
| 090 |
|
|
|a PG3337.P5
|b T9 1971
|
| 100 |
1 |
|
|a Pisemskiĭ, A. F.
|q (Alekseĭ Feofilaktovich),
|d 1820-1881.
|
| 245 |
1 |
0 |
|a Tysiacha dush :
|b roman v chetyrekh chastiakh /
|c [Predis. i primechaniia K. Tiun'kina].
|
| 264 |
|
1 |
|a Moskva :
|b Izd-vo Khudozh. lit-ry,
|c 1971.
|
| 300 |
|
|
|a 486 pages ;
|c 21 cm.
|
| 336 |
|
|
|a text
|b txt
|2 rdacontent
|
| 337 |
|
|
|a unmediated
|b n
|2 rdamedia
|
| 338 |
|
|
|a volume
|b nc
|2 rdacarrier
|
| 500 |
|
|
|a In Cyrillic characters.
|
| 999 |
|
|
|a MARS
|
| 999 |
f |
f |
|s 47aea56e-2b6a-360d-8df1-d01cab9fb6b4
|i bd8d2801-3648-34af-ac08-c912d8669696
|t 0
|
| 952 |
f |
f |
|p ric
|a Texas A&M University
|b Rellis Campus
|c Joint Library Facility
|s JLF
|d Remote Storage
|t 0
|e PG3337.P5 T9 1971
|h Library of Congress classification
|i unmediated -- volume
|m A14803621129
|
| 998 |
f |
f |
|a PG3337.P5 T9 1971
|t 0
|l Remote Storage
|